[Event "Tula Starodubtsev Memorial 5th"]
[Site "Tula"]
[Date "2019.01.19"]
[Round "8"]
[White "Balashov, Yuri S"]
[Black "Zagrebelny, Sergey"]
[Result "1-0"]
[WhiteElo "2470"]
[BlackElo "2485"]
[PlyCount "41"]
[EventDate "2019.01.18"]
[EventType "tourn (rapid)"]
[EventRounds "9"]
[EventCountry "RUS"]
[EventCategory "12"]
[SourceTitle "CBM 188 Extra"]
[Source "ChessBase"]
[SourceDate "2019.02.28"]
[SourceVersion "1"]
[SourceVersionDate "2019.02.28"]
[SourceQuality "1"]

1. Nf3 Nf6 2. c4 e6 3. Nc3 b6 4. e4 Bb7 5. Bd3 d6 6. 0-0 Be7 7. Bc2 c5 8. d4 cxd4 9. Nxd4 0-0 10. b3 Nbd7 11. Bb2 a6 12. Qe2 Rc8 13. Rad1 Re8 14. f4 Qc7 15. f5 exf5 16. Nxf5 Bf8 17. Qf2 g6 18. Ne3 Bg7 19. Ncd5 Qc5 20. b4 Qxe3 21. Nxe3 1-0

[Event "Tula Starodubtsev Memorial 5th"]
[Site "Tula"]
[Date "2019.01.18"]
[Round "4"]
[White "Murzin, Volodar"]
[Black "Zagrebelny, Sergey"]
[Result "1-0"]
[WhiteElo "2319"]
[BlackElo "2485"]
[PlyCount "61"]
[EventDate "2019.01.18"]
[EventType "tourn (rapid)"]
[EventRounds "9"]
[EventCountry "RUS"]
[EventCategory "12"]
[SourceTitle "CBM 188 Extra"]
[Source "ChessBase"]
[SourceDate "2019.02.28"]
[SourceVersion "1"]
[SourceVersionDate "2019.02.28"]
[SourceQuality "1"]

1. e4 c5 2. Nf3 Nc6 3. Bb5 g6 4. Bxc6 dxc6 5. d3 Bg7 6. 0-0 Nf6 7. Re1 Bg4 8. Nbd2 e5 9. h3 Bxf3 10. Nxf3 Qc7 11. a3 Rd8 12. Qe2 0-0 13. b4 cxb4 14. axb4 a6 15. Be3 Rfe8 16. Reb1 Nh5 17. g3 f5 18. exf5 e4 19. dxe4 Rxe4 20. Ra3 Rde8 21. Nd2 Nxg3 22. Qf3 gxf5 23. fxg3 Rxe3 24. Rxe3 Bd4 25. Nf1 Qb6 26. Rbb3 Bxe3+ 27. Nxe3 Qd4 28. Kg2 Re5 29. Rd3 Qxb4 30. Rd8+ Kf7 31. Qh5+ 1-0

[Event "Tula Starodubtsev Memorial 5th"]
[Site "Tula"]
[Date "2019.01.18"]
[Round "3"]
[White "Zagrebelny, Sergey"]
[Black "Zvjaginsev, Vadim"]
[Result "0-1"]
[WhiteElo "2485"]
[BlackElo "2642"]
[PlyCount "64"]
[EventDate "2019.01.18"]
[EventType "tourn (rapid)"]
[EventRounds "9"]
[EventCountry "RUS"]
[EventCategory "12"]
[SourceTitle "CBM 188 Extra"]
[Source "ChessBase"]
[SourceDate "2019.02.28"]
[SourceVersion "1"]
[SourceVersionDate "2019.02.28"]
[SourceQuality "1"]

1. e4 d6 2. d4 Nf6 3. Nd2 e5 4. c3 exd4 5. cxd4 g6 6. Ngf3 Bg7 7. Bd3 0-0 8. 0-0 c5 9. d5 Re8 10. h3 b6 11. Re1 Ba6 12. Bxa6 Nxa6 13. Rb1 b5 14. a4 bxa4 15. Qxa4 Nb4 16. Qb3 a5 17. Qc4 Nd7 18. Nf1 Nb6 19. Qb5 Qd7 20. Qxd7 Nxd7 21. Ng3 Nd3 22. Rd1 Nxc1 23. Rdxc1 Reb8 24. Nd2 Bxb2 25. Rc2 Be5 26. Rxb8+ Rxb8 27. Ra2 Bf4 28. Ngf1 Rb4 29. Rxa5 c4 30. Ra3 Be5 31. Ne3 c3 32. Nf3 Rb1+ 0-1

[Event "Tula Starodubtsev Memorial 4th"]
[Site "Tula"]
[Date "2018.01.09"]
[Round "8"]
[White "Domogaev, Sergey"]
[Black "Zagrebelny, Sergey"]
[Result "0-1"]
[WhiteElo "2415"]
[BlackElo "2485"]
[PlyCount "79"]
[EventDate "2018.01.08"]
[EventType "tourn (rapid)"]
[EventRounds "9"]
[EventCountry "RUS"]
[EventCategory "10"]
[SourceTitle "CBM 182 Extra"]
[Source "ChessBase"]
[SourceDate "2018.02.23"]
[SourceVersion "1"]
[SourceVersionDate "2018.02.23"]
[SourceQuality "1"]

1. d4 Nf6 2. c4 e6 3. Nf3 b6 4. Nc3 Bb7 5. Bg5 Be7 6. e3 h6 7. Bh4 Ne4 8. Bxe7 Qxe7 9. Bd3 Nxc3 10. bxc3 d6 11. 0-0 0-0 12. Nd2 e5 13. Qh5 Nd7 14. Rae1 Qg5 15. Qh3 Nf6 16. f4 exf4 17. exf4 Qa5 18. Ra1 Rfe8 19. Nb3 Qa3 20. d5 Kf8 21. Qf3 Bc8 22. h3 h5 23. Rfc1 Bd7 24. Rab1 Re7 25. Qf2 Rae8 26. Nd4 Qc5 27. Kh1 Re3 28. Qc2 Ne4 29. Kh2 h4 30. Nb3 Qa3 31. Re1 Ng3 32. Rxe3 Rxe3 33. Qd2 Rxd3 34. Qxd3 Bf5 35. Qd1 Qxa2 36. Ra1 Qf2 37. Rxa7 Nf1+ 38. Kh1 Be4 39. Qg4 Ng3+ 40. Kh2 0-1

[Event "Tula Starodubtsev Memorial 4th"]
[Site "Tula"]
[Date "2018.01.08"]
[Round "2"]
[White "Zagrebelny, Sergey"]
[Black "Tishin, Petr"]
[Result "1-0"]
[WhiteElo "2485"]
[BlackElo "2426"]
[PlyCount "87"]
[EventDate "2018.01.08"]
[EventType "tourn (rapid)"]
[EventRounds "9"]
[EventCountry "RUS"]
[EventCategory "10"]
[SourceTitle "CBM 182 Extra"]
[Source "ChessBase"]
[SourceDate "2018.02.23"]
[SourceVersion "1"]
[SourceVersionDate "2018.02.23"]
[SourceQuality "1"]

1. e4 e5 2. Nf3 Nc6 3. Bb5 a6 4. Ba4 d6 5. c3 Bd7 6. d4 g6 7. 0-0 Bg7 8. d5 Nce7 9. c4 h6 10. Nc3 f5 11. exf5 gxf5 12. Nh4 Nf6 13. f4 e4 14. Be3 0-0 15. h3 Qe8 16. Bxd7 Nxd7 17. Kh2 Bf6 18. g3 Kh7 19. Ng2 Rg8 20. Rg1 Qg6 21. Ne2 b6 22. Bd4 Nc5 23. Ne3 Nd3 24. Qd2 h5 25. Raf1 Rg7 26. Qc3 Rf8 27. b3 a5 28. Bxf6 Qxf6 29. Qxf6 Rxf6 30. Nd4 Rg8 31. Ne6 Rc8 32. g4 c6 33. Ng5+ Kh8 34. dxc6 fxg4 35. f5 Nc5 36. Nd5 Nxd5 37. cxd5 gxh3 38. Kxh3 Rc7 39. Ne6 Rc8 40. Rg5 Nxe6 41. Rxh5+ Kg8 42. dxe6 Rxc6 43. Rg1+ Kf8 44. Rh8+ 1-0

[Event "Aegean op 34th"]
[Site "Aghios Kirykos"]
[Date "2011.07.10"]
[Round "2"]
[White "Zagrebelny, Sergey"]
[Black "Nikomanis, Andreas"]
[Result "1-0"]
[WhiteElo "2485"]
[BlackElo "1980"]
[PlyCount "95"]
[EventDate "2011.07.09"]
[EventType "swiss"]
[EventRounds "9"]
[EventCountry "GRE"]
[SourceTitle "CBM 143 Extra"]
[Source "ChessBase"]
[SourceDate "2011.08.29"]
[SourceVersion "1"]
[SourceVersionDate "2011.08.29"]
[SourceQuality "1"]

1. e4 c5 2. Nf3 Nc6 3. Bb5 g6 4. Bxc6 dxc6 5. d3 Bg7 6. h3 Nf6 7. Nc3 Nd7 8. 0-0 e5 9. Be3 Qe7 10. Qd2 Nf8 11. Bh6 f6 12. Bxg7 Qxg7 13. Ne2 Ne6 14. c3 0-0 15. d4 cxd4 16. cxd4 exd4 17. Nfxd4 f5 18. Nxe6 Bxe6 19. exf5 Rad8 20. Qb4 Rxf5 21. Rad1 Rfd5 22. Rxd5 Rxd5 23. Nc3 Re5 24. Qd6 Bf7 25. Qb8+ Be8 26. Qxa7 Qe7 27. Qb8 Kg7 28. Kh2 c5 29. f4 Re6 30. Nd5 Qd7 31. Rd1 Bf7 32. Nc3 Qc6 33. Rd8 Re1 34. Rd6 Qe8 35. Qxe8 Bxe8 36. Rd5 b6 37. Kg3 Bf7 38. Rd7 Re6 39. Kf2 h5 40. Rb7 Rd6 41. Ne4 Rd4 42. Ke3 Kg8 43. Rxb6 Bxa2 44. Nxc5 Rc4 45. Rxg6+ Kf7 46. Rg5 h4 47. Nd3 Kf6 48. Rc5 1-0

[Event "Cappelle op 27th"]
[Site "Cappelle la Grande"]
[Date "2011.03.02"]
[Round "6"]
[White "Kravtsiv, Martyn"]
[Black "Zagrebelny, Sergey"]
[Result "1/2-1/2"]
[WhiteElo "2566"]
[BlackElo "2481"]
[PlyCount "40"]
[EventDate "2011.02.26"]
[EventType "swiss"]
[EventRounds "9"]
[EventCountry "FRA"]
[SourceTitle "CBM 141 Extra"]
[Source "ChessBase"]
[SourceDate "2011.05.03"]
[SourceVersion "1"]
[SourceVersionDate "2011.05.03"]
[SourceQuality "1"]

1. e4 e5 2. Nf3 Nc6 3. Bc4 Bc5 4. c3 Nf6 5. d4 exd4 6. cxd4 Bb4+ 7. Bd2 Bxd2+ 8. Nbxd2 d5 9. exd5 Nxd5 10. 0-0 0-0 11. Rc1 Bg4 12. h3 Bh5 13. Bxd5 Qxd5 14. Qa4 Bxf3 15. Nxf3 Qd6 16. Qb5 Rab8 17. Rfd1 Rfd8 18. Rd2 a6 19. Qc4 Rbc8 20. Rdc2 h6 1/2-1/2

[Event "Cappelle op 27th"]
[Site "Cappelle la Grande"]
[Date "2011.02.27"]
[Round "2"]
[White "Zagrebelny, Sergey"]
[Black "Spraggett, Kevin"]
[Result "0-1"]
[WhiteElo "2481"]
[BlackElo "2575"]
[PlyCount "126"]
[EventDate "2011.02.26"]
[EventType "swiss"]
[EventRounds "9"]
[EventCountry "FRA"]
[SourceTitle "CBM 141 Extra"]
[Source "ChessBase"]
[SourceDate "2011.05.03"]
[SourceVersion "1"]
[SourceVersionDate "2011.05.03"]
[SourceQuality "1"]

1. e4 Nf6 2. e5 Nd5 3. d4 d6 4. c4 Nb6 5. exd6 cxd6 6. Nc3 g6 7. Be3 Bg7 8. Rc1 0-0 9. h3 Bf5 10. d5 Na6 11. Nf3 Rc8 12. b3 Nc5 13. Be2 Bd7 14. 0-0 a5 15. Bd4 Bh6 16. Nd2 Be8 17. f4 f5 18. Qe1 Bf7 19. Qf2 Nbd7 20. Rfe1 e5 21. dxe6 Nxe6 22. Be3 Ndc5 23. Rcd1 Be8 24. Nd5 Bc6 25. Bf1 Re8 26. g3 Bg7 27. Kh2 Kh8 28. Qg1 b5 29. Nf3 b4 30. Bg2 a4 31. Nxb4 Bxf3 32. Bxf3 axb3 33. axb3 Qb6 34. Nd5 Qxb3 35. Rb1 Qa3 36. Rb6 Nd3 37. Re2 Nb2 38. Rb7 Nxc4 39. Bg2 Nxe3 40. Rxe3 Qa2 41. Nb4 Qb2 42. Qf1 Nd4 43. Na6 Qa2 44. Rxe8+ Rxe8 45. h4 h5 46. Rb8 Rxb8 47. Nxb8 Qb2 48. Na6 Qc3 49. Qf2 Kh7 50. Qf1 Nc2 51. Qc1 Qd3 52. Bf1 Qe4 53. Bg2 Qe2 54. Qf1 Qd2 55. Nc7 Ne3 56. Qf3 Qe1 57. Kh3 Ng4 58. Qf1 Qd2 59. Nd5 Bd4 60. Qc4 Bg1 61. Nf6+ Kh6 62. Ng8+ Kg7 63. Qc7+ Kh8 0-1

[Event "Aegean op 33rd"]
[Site "Aghios Kirykos"]
[Date "2010.07.15"]
[Round "4"]
[White "Dimopoulos, Nikolaos"]
[Black "Zagrebelny, Sergey"]
[Result "0-1"]
[WhiteElo "1933"]
[BlackElo "2480"]
[PlyCount "36"]
[EventDate "2010.07.13"]
[EventType "swiss"]
[EventRounds "9"]
[EventCountry "GRE"]
[SourceTitle "CBM 137 Extra"]
[Source "ChessBase"]
[SourceDate "2010.09.01"]
[SourceVersion "1"]
[SourceVersionDate "2010.09.01"]
[SourceQuality "1"]

1. e4 c5 2. Nf3 d6 3. d4 Nf6 4. Nc3 cxd4 5. Nxd4 a6 6. Bg5 e6 7. f4 Qb6 8. Qd2 Nc6 9. Bxf6 gxf6 10. Nxc6 bxc6 11. Be2 d5 12. f5 h5 13. fxe6 fxe6 14. e5 f5 15. Qg5 Qxb2 16. Bxh5+ Kd7 17. 0-0 Qxc3 18. Bf7 Qxe5 0-1

[Event "Aegean op 33rd"]
[Site "Aghios Kirykos"]
[Date "2010.07.13"]
[Round "1"]
[White "Zagrebelny, Sergey"]
[Black "Grapsa, Georgia"]
[Result "1-0"]
[WhiteElo "2480"]
[BlackElo "2005"]
[PlyCount "44"]
[EventDate "2010.07.13"]
[EventType "swiss"]
[EventRounds "9"]
[EventCountry "GRE"]
[SourceTitle "CBM 137 Extra"]
[Source "ChessBase"]
[SourceDate "2010.09.01"]
[SourceVersion "1"]
[SourceVersionDate "2010.09.01"]
[SourceQuality "1"]

1. e4 c5 2. Nf3 d6 3. d4 cxd4 4. Nxd4 Nf6 5. Nc3 a6 6. Be2 e5 7. Nb3 Be7 8. 0-0 0-0 9. Be3 Be6 10. Nd5 Nbd7 11. Qd3 Bxd5 12. exd5 Re8 13. c4 Rc8 14. Nd2 e4 15. Qa3 Ne5 16. h3 Qd7 17. Rac1 Qf5 18. Qb3 Nfd7 19. Qc2 Nd3 20. Bg4 N3e5 21. Be2 Nf6 22. f4 Nd3 1-0

[Event "Aegean op 32nd"]
[Site "Aghios Kirykos"]
[Date "2009.07.18"]
[Round "8"]
[White "Aggelis, Nikolaos"]
[Black "Zagrebelny, Sergey"]
[Result "0-1"]
[WhiteElo "2296"]
[BlackElo "2480"]
[PlyCount "96"]
[EventDate "2009.07.11"]
[EventType "swiss"]
[EventRounds "9"]
[EventCountry "GRE"]
[SourceTitle "CBM 131 Extra"]
[Source "ChessBase"]
[SourceDate "2009.09.03"]
[SourceVersion "2"]
[SourceVersionDate "2009.09.16"]
[SourceQuality "1"]

1. Nf3 Nf6 2. g3 b6 3. Bg2 Bb7 4. 0-0 c5 5. c4 g6 6. b3 Bg7 7. Bb2 0-0 8. Nc3 d6 9. d4 cxd4 10. Nxd4 Bxg2 11. Kxg2 Qc8 12. e4 Qb7 13. f3 Nbd7 14. Qd2 a6 15. Nd5 e6 16. Nxf6+ Nxf6 17. Ne2 b5 18. Rac1 Rfd8 19. Rfd1 bxc4 20. Rxc4 d5 21. Rcc1 h5 22. Qf4 dxe4 23. Rxd8+ Rxd8 24. Bxf6 exf3+ 25. Kf2 e5 26. Bxe5 fxe2 27. Bxg7 Kxg7 28. Qe5+ Kh7 29. Qxe2 Rd5 30. Rd1 Rf5+ 31. Kg1 Qb6+ 32. Kg2 Qc6+ 33. Kg1 Qc5+ 34. Kg2 Re5 35. Qf2 Qe7 36. Rd2 g5 37. Qb6 Re3 38. Qd4 g4 39. Qd5 Kg7 40. Qd4+ Kh7 41. Qd5 Re5 42. Qd3+ Kg7 43. Qxa6 Re3 44. Qc6 h4 45. gxh4 Qxh4 46. Qd6 Qh3+ 47. Kg1 Re1+ 48. Kf2 Qe3+ 0-1

[Event "Aegean op 32nd"]
[Site "Aghios Kirykos"]
[Date "2009.07.17"]
[Round "7"]
[White "Zagrebelny, Sergey"]
[Black "Khetsuriani, Besarion"]
[Result "1/2-1/2"]
[WhiteElo "2480"]
[BlackElo "2331"]
[PlyCount "53"]
[EventDate "2009.07.11"]
[EventType "swiss"]
[EventRounds "9"]
[EventCountry "GRE"]
[SourceTitle "CBM 131 Extra"]
[Source "ChessBase"]
[SourceDate "2009.09.03"]
[SourceVersion "2"]
[SourceVersionDate "2009.09.16"]
[SourceQuality "1"]

1. e4 e5 2. Nf3 Nc6 3. Bb5 a6 4. Ba4 d6 5. c3 Nf6 6. d4 Bd7 7. Nbd2 Be7 8. 0-0 0-0 9. Re1 Re8 10. Nf1 h6 11. Ng3 Bf8 12. h3 b5 13. Bc2 g6 14. Be3 Bg7 15. Qd2 Kh7 16. Rad1 Na5 17. b3 Nc6 18. b4 Rg8 19. Nh2 a5 20. a3 axb4 21. axb4 Ra2 22. Qc1 Ra8 23. Qb1 Qc8 24. f4 Bxh3 25. gxh3 Qxh3 26. Nhf1 Nh5 27. Rd2 1/2-1/2

[Event "Aegean op 32nd"]
[Site "Aghios Kirykos"]
[Date "2009.07.16"]
[Round "6"]
[White "Kempinski, Robert"]
[Black "Zagrebelny, Sergey"]
[Result "1-0"]
[WhiteElo "2601"]
[BlackElo "2480"]
[PlyCount "67"]
[EventDate "2009.07.11"]
[EventType "swiss"]
[EventRounds "9"]
[EventCountry "GRE"]
[SourceTitle "CBM 131 Extra"]
[Source "ChessBase"]
[SourceDate "2009.09.03"]
[SourceVersion "2"]
[SourceVersionDate "2009.09.16"]
[SourceQuality "1"]

1. c4 Nf6 2. Nc3 e5 3. Nf3 Nc6 4. d3 d5 5. cxd5 Nxd5 6. e3 Be7 7. Be2 0-0 8. 0-0 Be6 9. a3 f5 10. Qc2 Bf6 11. Na4 Kh8 12. Nc5 Bc8 13. Rd1 Qe8 14. e4 Nde7 15. b4 b6 16. Nb3 Bb7 17. Bb2 a6 18. Nbd2 Rd8 19. a4 Ng6 20. b5 axb5 21. axb5 Nb4 22. Qxc7 Nf4 23. Bf1 Rf7 24. Qxb6 Nbxd3 25. Nc4 Nxb2 26. Nxb2 Rxd1 27. Rxd1 Bxe4 28. Nxe5 Rb7 29. Qd6 Re7 30. Nc6 Bxc6 31. bxc6 Bxb2 32. c7 Bf6 33. Qxf4 Be5 34. Qxe5 1-0

[Event "Aegean op 32nd"]
[Site "Aghios Kirykos"]
[Date "2009.07.12"]
[Round "2"]
[White "Koukoufikis, Alexandros"]
[Black "Zagrebelny, Sergey"]
[Result "0-1"]
[WhiteElo "2233"]
[BlackElo "2480"]
[PlyCount "136"]
[EventDate "2009.07.11"]
[EventType "swiss"]
[EventRounds "9"]
[EventCountry "GRE"]
[SourceTitle "CBM 131 Extra"]
[Source "ChessBase"]
[SourceDate "2009.09.03"]
[SourceVersion "2"]
[SourceVersionDate "2009.09.16"]
[SourceQuality "1"]

1. e4 c5 2. Nc3 Nc6 3. g3 g6 4. Bg2 Bg7 5. d3 d6 6. Be3 Nd4 7. Qd2 Qa5 8. f4 Nh6 9. h3 f5 10. Nf3 0-0 11. 0-0 Bd7 12. a3 e6 13. Rae1 Bc6 14. Nxd4 cxd4 15. Ne2 Qb6 16. Bf2 Qxb2 17. Rb1 Qxa3 18. Nxd4 fxe4 19. Ra1 Qc5 20. Ra5 e3 21. Bxe3 Bxg2 22. Rxc5 Bxf1 23. Rc7 Bxh3 24. f5 Bxd4 25. Bxd4 Nxf5 26. Qh2 Nxd4 27. Qxh3 Nf3+ 28. Kh1 Ng5 29. Qg4 Rf1+ 30. Kg2 Raf8 31. Rc8 R1f2+ 32. Kg1 Rf1+ 33. Kg2 R1f2+ 34. Kg1 Rxc8 35. Kxf2 Rxc2+ 36. Ke3 Rc5 37. Qa4 Re5+ 38. Kd2 a5 39. Qe8+ Kg7 40. Qe7+ Nf7 41. Qxb7 Rg5 42. Qf3 h5 43. d4 Rg4 44. Qe3 Ng5 45. d5 Ne4+ 46. Kc2 exd5 47. Qd4+ Nf6 48. Qa7+ Kh6 49. Qe7 Kg5 50. Qxd6 Kf5 51. Qa3 a4 52. Qf3+ Ke6 53. Qd3 Rc4+ 54. Kb2 Ne4 55. Qe3 Rb4+ 56. Ka1 Rb3 57. Qe1 Rxg3 58. Qa5 a3 59. Qb6+ Kf5 60. Qd4 Kf4 61. Qd1 h4 62. Qf1+ Rf3 63. Qc1+ Kg4 64. Qh6 g5 65. Qe6+ Rf5 66. Qa6 h3 67. Qe2+ Rf3 68. Qh2 Rf1+ 0-1

[Event "Aegean op 32nd"]
[Site "Aghios Kirykos"]
[Date "2009.07.11"]
[Round "1"]
[White "Zagrebelny, Sergey"]
[Black "Xylogiannopoulos, Antonios"]
[Result "1-0"]
[WhiteElo "2480"]
[BlackElo "2011"]
[PlyCount "71"]
[EventDate "2009.07.11"]
[EventType "swiss"]
[EventRounds "9"]
[EventCountry "GRE"]
[SourceTitle "CBM 131 Extra"]
[Source "ChessBase"]
[SourceDate "2009.09.03"]
[SourceVersion "2"]
[SourceVersionDate "2009.09.16"]
[SourceQuality "1"]

1. e4 c5 2. Nf3 e6 3. d4 cxd4 4. Nxd4 a6 5. Bd3 Bc5 6. Nb3 Ba7 7. Nc3 Nc6 8. Qe2 d6 9. Be3 b5 10. 0-0-0 Nf6 11. f4 Bxe3+ 12. Qxe3 e5 13. f5 Bb7 14. Be2 Qe7 15. g4 b4 16. Nd5 Nxd5 17. exd5 Na7 18. g5 Qc7 19. Kb1 Nc8 20. f6 g6 21. Qe4 Nb6 22. Na5 Bxd5 23. Rxd5 Nxd5 24. Qxd5 Rc8 25. Nc4 Rd8 26. Rd1 h6 27. Nxd6+ Kf8 28. Qxe5 hxg5 29. Bg4 Rh4 30. h3 Rh8 31. b3 a5 32. Rd4 Rh7 33. Rc4 Qa7 34. Re4 Qb8 35. Qe7+ Kg8 36. Nc8 1-0

[Event "Gagra op"]
[Site "Gagra"]
[Date "2008.09.20"]
[Round "3"]
[White "Mishuchkov, Nikolai Mikhailovic"]
[Black "Zagrebelny, Sergey"]
[Result "0-1"]
[WhiteElo "2371"]
[BlackElo "2480"]
[PlyCount "76"]
[EventDate "2008.09.18"]
[EventType "swiss"]
[EventRounds "9"]
[EventCountry "GEO"]
[SourceTitle "EXT 2011"]
[Source "ChessBase"]
[SourceDate "2010.11.26"]
[SourceVersion "1"]
[SourceVersionDate "2010.11.26"]
[SourceQuality "1"]

1. Nf3 Nf6 2. c4 b6 3. g3 Bb7 4. Bg2 c5 5. 0-0 g6 6. Nc3 Bg7 7. d4 cxd4 8. Nxd4 Bxg2 9. Kxg2 Qc7 10. b3 0-0 11. e3 Na6 12. Ba3 Rfe8 13. Qf3 Rac8 14. Rad1 Nc5 15. e4 a6 16. Rfe1 d6 17. Nd5 Qb7 18. Nxf6+ Bxf6 19. Qe2 Bg7 20. f3 Rc7 21. Rd2 Rb8 22. Bb4 b5 23. cxb5 axb5 24. Red1 Na6 25. Ba5 Rc5 26. b4 Rc4 27. a3 Rbc8 28. Nc2 Rc3 29. a4 Bh6 30. axb5 Nb8 31. f4 R8c4 32. Nd4 e5 33. fxe5 Bxd2 34. Rxd2 dxe5 35. Nc6 Kg7 36. Qg4 Rc2 37. Rxc2 Rxc2+ 38. Kh3 Qxb5 0-1

[Event "Aegean op 30th"]
[Site "Aghios Kirykos"]
[Date "2007.07.15"]
[Round "9"]
[White "Nikolaidis, Konstantinos"]
[Black "Zagrebelny, Sergey"]
[Result "0-1"]
[WhiteElo "2316"]
[BlackElo "2482"]
[PlyCount "68"]
[EventDate "2007.07.07"]
[EventType "swiss"]
[EventRounds "9"]
[EventCountry "GRE"]
[SourceTitle "CBM 119 Extra"]
[Source "ChessBase"]
[SourceDate "2007.09.04"]
[SourceVersion "1"]
[SourceVersionDate "2007.09.04"]
[SourceQuality "1"]

1. d4 Nf6 2. c4 e6 3. Nc3 Bb4 4. Qc2 Nc6 5. Nf3 d6 6. Bd2 0-0 7. a3 Bxc3 8. Bxc3 Qe7 9. e3 e5 10. d5 Nb8 11. h3 c6 12. dxc6 Nxc6 13. Rd1 b6 14. Be2 Bb7 15. 0-0 Qc7 16. Nh2 Ne7 17. Bd3 Ng6 18. Ng4 Nh5 19. Rd2 Qc6 20. f3 Ng3 21. Rfd1 f5 22. Nh2 Nh4 23. Rf2 Rf6 24. Nf1 Rg6 25. Nxg3 Rxg3 26. e4 Rf8 27. Kh2 f4 28. Be1 Qc8 29. Bf1 Rf6 30. b4 Rh6 31. Qe2 Nxg2 32. Rxg2 Qxh3+ 33. Kg1 Qh1+ 34. Kf2 Rh2 0-1

[Event "Togliatti Avtogaz 40"]
[Site "Togliatti"]
[Date "2006.10.23"]
[Round "3"]
[White "Kovchan, Alexander"]
[Black "Zagrebelny, Sergey"]
[Result "1/2-1/2"]
[WhiteElo "2518"]
[BlackElo "2484"]
[PlyCount "45"]
[EventDate "2006.10.22"]
[EventType "tourn"]
[EventRounds "10"]
[EventCountry "RUS"]
[EventCategory "9"]
[SourceTitle "EXT 2007"]
[Source "ChessBase"]
[SourceDate "2006.11.23"]
[SourceVersion "1"]
[SourceVersionDate "2006.11.23"]
[SourceQuality "1"]

1. e4 e5 2. Nf3 Nc6 3. d4 exd4 4. Nxd4 Bc5 5. Nxc6 Qf6 6. Qd2 dxc6 7. Nc3 Be6 8. Na4 Rd8 9. Bd3 Bd4 10. c3 Bxf2+ 11. Qxf2 Rxd3 12. Qxf6 Nxf6 13. Nc5 Rd8 14. Nxb7 Rb8 15. Nc5 Rb5 16. b4 Nxe4 17. a4 Rxc5 18. bxc5 Bc4 19. Bf4 0-0 20. Bxc7 Re8 21. 0-0-0 Nf2 22. Rd4 Nxh1 23. Rxc4 1/2-1/2

[Event "Togliatti Avtogaz 40"]
[Site "Togliatti"]
[Date "2006.10.23"]
[Round "2"]
[White "Zagrebelny, Sergey"]
[Black "Zubarev, Alexander2"]
[Result "1/2-1/2"]
[WhiteElo "2484"]
[BlackElo "2490"]
[PlyCount "33"]
[EventDate "2006.10.22"]
[EventType "tourn"]
[EventRounds "10"]
[EventCountry "RUS"]
[EventCategory "9"]
[SourceTitle "EXT 2007"]
[Source "ChessBase"]
[SourceDate "2006.11.23"]
[SourceVersion "1"]
[SourceVersionDate "2006.11.23"]
[SourceQuality "1"]

1. e4 c5 2. Nf3 d6 3. Bb5+ Bd7 4. Bxd7+ Qxd7 5. c4 Nf6 6. Nc3 Nc6 7. 0-0 Ne5 8. d3 g6 9. Nxe5 dxe5 10. Be3 Rc8 11. Rb1 b6 12. b4 cxb4 13. Rxb4 Bg7 14. a4 0-0 15. Qb1 Ng4 16. Bc1 Rfd8 17. h3 1/2-1/2

[Event "St Petersburg Rector Cup"]
[Site "St Petersburg"]
[Date "2006.07.04"]
[Round "9"]
[White "Mihajlovskij, Sergei"]
[Black "Zagrebelny, Sergey"]
[Result "0-1"]
[WhiteElo "2414"]
[BlackElo "2485"]
[PlyCount "62"]
[EventDate "2006.06.26"]
[EventType "tourn"]
[EventRounds "9"]
[EventCountry "RUS"]
[EventCategory "10"]
[SourceTitle "CBM 112 Extra"]
[Source "ChessBase"]
[SourceDate "2006.07.14"]
[SourceVersion "1"]
[SourceVersionDate "2006.07.14"]
[SourceQuality "1"]

1. c4 Nf6 2. Nc3 e5 3. e3 Nc6 4. Nf3 Bb4 5. Nd5 e4 6. Nxb4 Nxb4 7. Nd4 c5 8. Nb5 d5 9. cxd5 0-0 10. Nc3 Bf5 11. a3 Nbxd5 12. Ne2 Qa5 13. b3 Nb4 14. Ng3 Bg4 15. f3 exf3 16. gxf3 Bxf3 17. Qxf3 Nc2+ 18. Kd1 Nxa1 19. e4 c4 20. Bxc4 b5 21. Bb2 bxc4 22. Bxf6 Nxb3 23. Bc3 Qb6 24. Nf5 Rfe8 25. Qg2 Qg6 26. Qf1 Qg4+ 27. Kc2 Qxe4+ 28. Kb2 Rab8 29. Nh6+ gxh6 30. Rg1+ Kf8 31. Qf6 Nxd2+ 0-1

[Event "St Petersburg Rector Cup"]
[Site "St Petersburg"]
[Date "2006.06.26"]
[Round "1"]
[White "Zagrebelny, Sergey"]
[Black "Biriukov, Oleg V"]
[Result "1/2-1/2"]
[WhiteElo "2485"]
[BlackElo "2404"]
[PlyCount "51"]
[EventDate "2006.06.26"]
[EventType "tourn"]
[EventRounds "9"]
[EventCountry "RUS"]
[EventCategory "10"]
[SourceTitle "CBM 112 Extra"]
[Source "ChessBase"]
[SourceDate "2006.07.14"]
[SourceVersion "1"]
[SourceVersionDate "2006.07.14"]
[SourceQuality "1"]

1. e4 c5 2. Nf3 d6 3. d4 cxd4 4. Nxd4 Nf6 5. Nc3 a6 6. g3 e5 7. Nb3 Be7 8. Bg2 0-0 9. 0-0 b5 10. a4 b4 11. Nd5 Nxd5 12. Qxd5 Ra7 13. Be3 Be6 14. Qd2 Rb7 15. a5 Nd7 16. Rfd1 Qc7 17. Bf1 Ra8 18. Ra4 Qc6 19. Rda1 d5 20. exd5 Bxd5 21. Nc1 e4 22. Ne2 Ne5 23. Nd4 Qd7 24. Bf4 Nc4 25. Bxc4 Bxc4 26. b3 1/2-1/2

[Event "Cappelle op 22nd"]
[Site "Cappelle la Grande"]
[Date "2006.02.23"]
[Round "7"]
[White "Marzolo, Cyril"]
[Black "Zagrebelny, Sergey"]
[Result "1/2-1/2"]
[WhiteElo "2393"]
[BlackElo "2497"]
[PlyCount "135"]
[EventDate "2006.02.18"]
[EventType "swiss"]
[EventRounds "10"]
[EventCountry "FRA"]
[SourceTitle "CBM 110 Extra"]
[Source "ChessBase"]
[SourceDate "2006.03.10"]
[SourceVersion "2"]
[SourceVersionDate "2006.03.10"]
[SourceQuality "1"]

1. d4 Nf6 2. c4 e6 3. Nf3 b6 4. g3 c6 5. Bg2 Be7 6. 0-0 d5 7. Qc2 0-0 8. Nbd2 Bb7 9. Rd1 Nbd7 10. e4 Rc8 11. b3 Qc7 12. Bb2 Rfd8 13. e5 Ne8 14. cxd5 cxd5 15. Qxc7 Rxc7 16. Rac1 Rdc8 17. Bf1 Nb8 18. Ne1 Ba6 19. Bxa6 Nxa6 20. a3 Nb8 21. Rxc7 Rxc7 22. Kf1 f6 23. f4 g5 24. fxg5 fxe5 25. dxe5 Bxg5 26. Ndf3 Bh6 27. Nd4 Ng7 28. Ke2 a6 29. Nd3 Nc6 30. Nxc6 Rxc6 31. Nb4 Rc8 32. Kd3 a5 33. Nc2 Nf5 34. Nd4 Nxd4 35. Bxd4 b5 36. Bc3 Bf8 37. Bxa5 Bxa3 38. Bc3 Rf8 39. Ke3 Rc8 40. Kd3 Bc5 41. Bd4 Be7 42. Ra1 h5 43. Ra7 Bf8 44. Rb7 b4 45. Kd2 Bh6+ 46. Kd3 Bf8 47. Kd2 Ra8 48. Kc2 Ra2+ 49. Bb2 Ra6 50. Kd3 Ra8 51. Kc2 Bc5 52. Rb5 Rc8 53. Kd3 Kf7 54. Bd4 Bf8 55. Rb7+ Kg6 56. Rb6 Re8 57. Rb7 Be7 58. Ra7 Kf5 59. h3 Kg6 60. Rb7 Bf8 61. Rb6 Kf5 62. Rb7 Kg6 63. Rb6 Kf5 64. Rb7 Re7 65. Rb8 Rf7 66. Ke3 Bh6+ 67. Kf3 Kg6+ 68. Ke2 1/2-1/2